| 000 | 00690cam a22002411a 4500 | ||
|---|---|---|---|
| 001 | 32546 | ||
| 003 | AR-RoBPED | ||
| 005 | 20260410105500.0 | ||
| 007 | ta | ||
| 008 | 050729s1971 sp |||||||||||||| 1|spa d | ||
| 040 |
_aAR-BaBN _eaacr _dAR-RoBPED |
||
| 041 | _aspa | ||
| 100 | 1 |
_aChaucer, Geoffrey, _d1343-1400 _915779 |
|
| 245 | 1 | 0 |
_aCuentos de Canterbury / _cGeoffrey Chaucer |
| 260 |
_aNavarra : _bSalvat, _c1971. |
||
| 300 | _a183 p. | ||
| 490 |
_a(Biblioteca básica Salvat ; _v85) |
||
| 650 | 7 |
_aLITERATURA INGLESA _9444 |
|
| 650 | 7 |
_aCUENTOS _9291 |
|
| 942 |
_2udc _ak. 32546 _cBK _h820-3 _iEj. 2 _mCh 11 _nInv. 42366 |
||
| 945 | _amev 10/04/2026 | ||
| 999 |
_c32546 _d32546 |
||